000 00531nam a2200217Ia 4500
003 OSt
005 20221005125310.0
006 a|||||r|||| 00| 0
007 ta
008 221004b |||||||| |||| 00| 0 snd d
024 _a6818
037 _cTextual
040 _aCRL
_cCRL
_bsnd
041 _2snd
_asnd
082 _aO1593,3NKA,PA, [L5]
100 _aKalyani
_9206991
245 0 _aPar Israr Khooni
260 _c1975
942 _hO1593,3NKA,PA, [L5]
_cTEXL
_2cc
999 _c1053590
_d1053590